| 000 | 00478cam a2200181ua 4500 | ||
|---|---|---|---|
| 001 | 2363 | ||
| 008 | 110805n ii |||gr||||Z||||||eng | ||
| 040 | _cMAIN | ||
| 082 | _a327.11 | ||
| 100 |
_aVandana, A., _eAurhor., |
||
| 245 | 0 |
_aTheory of International politics. _cBy A Vandana. |
|
| 250 | _a1st. | ||
| 260 |
_aNew Delhi: _bVikash publishing.,996. |
||
| 300 |
_a313 p.: _c23 cm. |
||
| 653 | _aPolitical science. | ||
| 653 | _aTheory of International politics. | ||
| 942 | _cBK | ||
| 999 |
_c2221 _d2221 |
||